El voto en las sociedades y los concursos
Guardat en:
| Autor corporatiu: | |
|---|---|
| Format: | Llibre |
| Idioma: | espanyol |
| Publicat: |
Buenos Aires
Legis
2007
|
| Edició: | 1a. ed |
| Matèries: | |
| Etiquetes: |
Afegir etiqueta
Sense etiquetes, Sigues el primer a etiquetar aquest registre!
|
MARC
| LEADER | 00000nam a2200000 a 4500 | ||
|---|---|---|---|
| 001 | UCI2683 | ||
| 003 | CL-VaPUC | ||
| 008 | 070907e20070000AG |||||||||||||||||spa|d | ||
| 020 | |a 9789871221226 | ||
| 082 | 0 | 4 | |a 346.078 |b INS |2 21 |
| 110 | 2 | |a Instituto Argentino Derecho Comercial |e author |9 523798 | |
| 245 | 1 | 3 | |a El voto en las sociedades y los concursos |
| 250 | |a 1a. ed | ||
| 300 | |a 295 p | ||
| 942 | |c BK | ||
| 945 | |d 20070907 00:00:00 |a rbrito | ||
| 260 | |a Buenos Aires |b Legis |c 2007 | ||
| 650 | 0 | |a Derecho concursal |9 374010 | |
| 650 | 0 | |a Derecho comercial |9 256340 | |
| 650 | 0 | |a Accionistas |9 386919 | |
| 650 | 0 | |a Sociedades anónimas |9 255387 | |
| 650 | 0 | |a Derecho a voto |9 382590 | |
| 583 | |a last modification |c 20070907 00:00:00 |k Rodrigo Vera | ||
| 999 | |c 327161 |d 327159 | ||
| 952 | |0 0 |1 0 |4 0 |6 346_078000000000000_INS_2007 |7 0 |8 A |9 409637 |a BIBDER |b BIBDER |d 2019-11-22 |i 4370422 |o 346.078 INS 2007 |p 4370422 |r 2023-01-25 |w 2019-11-22 |y BK |k DER | ||